MDQL
is popping MORE tags! Check the
thread
!
Quizzes
Events
Quiz Creation
Community
Videos
Private Events
Remove Ads
Sign In
Join for FREE
Feedback
Dark Mode
Quiz Categories
Sports
Geography
Music
Movies
Television
Just For Fun
Miscellaneous
History
Literature
Language
Science
Gaming
Entertainment
Religion
Holiday
For Kids
Quiz Lab
Recent
Popular Today
Quiz Kudos Today
Editor Picks
Curator Picks
Quizzes by...
Day
Popularity
Type
Ratings
Length
Year
Community
Subscriptions
Recent Discussions
Orange Saloon
Badges
Playlists
Quests
Create
Leaderboards
Showdown
Live 5
Trivia Bingo
Activity
Puzzle Library
Sporcle Events
Private Events
Virtual Trivia
Globe League
Become a Host
Pub Owners
SporcleCon
Opinionation
Our Games
Videos
Blog
Mobile Apps
Partnerships
Remove Ads and Go Orange
Feedback
History
US Presidents
World Leaders
Politics
Nation
Discovery
War
Decade
Year
Century
Biography
Art
History
US Presidents
World Leaders
Politics
Nation
Discovery
War
Decade
Year
Century
Biography
Art
Random Quiz
Search Sporcle
×
Quiz Lab
Quiz Lab
History
Celebrity
Type answers based on single images at one time
Type answers based on single images at one time
Slideshow
Best Score? Go Orange.
Famous Figures Visit Ireland Stats
Can you name which Famous Figures are pictured on their visits to Ireland?
By
benandted
10m
13 Questions
80 Plays
80 Plays
80 Plays
Comments
Comments
Give Quiz Kudos
Give Quiz Kudos
-
- Ratings
hide this ad
Replay
Link that replays current quiz
Next Quiz
Link to next quiz in quiz playlist
You Got
0%
They Got
Avg Score
67%
Avg Friend Score
Upgrade to see
Score Distribution
Jump to the score distribution portion of the page
Score
0/13
Timer
10:00
0
Plays Today
% Correct
Barack Obama
98.8%
John F. Kennedy
96.3%
Elizabeth II
95%
Nelson Mandela
95%
Muhammed Ali
88.8%
Mother Teresa
87.5%
Pope John Paul II
72.5%
Che Guevara
55%
Audrey Hepburn
52.5%
Xi Jinping
48.8%
Louis Armstrong
32.5%
Charles Chaplin
28.8%
Prince Rainier II & Princess Grace of Monaco
25%
Quiz Playlist
Details
Report
Send in Message
Add To Playlist
Slideshow:
Type answers based on single images at one time
Last Updated: Dec 4, 2018
Quiz Scoreboard
CHALLENGE
Sign Up to Join the Scoreboard
Show All
Scores
Hide
Comments
May contain spoilers
Recently Published
Two Season TV Shows II
by 123Four
Television
10m
Image Sorting: Flags VI
by Barbecue
Geography
2m
Find the 'City' Movie
by crazypaving
Movies
60s
More to Explore
Quiz From the Vault
Featured Blog Post
14 Easter Pick-up Lines to Find Eggs With
hide this ad
You Might Also Like...
Tags
Celebrity Quiz
Famous Quiz
Famous People
Historical Figures
Important Figure
Ireland
Irish History
Modern History
Northern Ireland
Notable Figures
World History
Today's Top Quizzes in History
Browse History
hide this ad
Today's Top Quizzes in Celebrity
Browse Celebrity
Top Contributed Quizzes in History
1
I Am Born On March 29th
2
Order Up: 1000 Years of World Events I
3
US National Parks Named After People
4
Popular People in 1991
5
Popular People in 1951
6
Popular People in 1941
7
Popular People in 1981
8
Popular People in 1921
9
Popular People in 1986
10
Popular People in 1976
Explore More
Trending Topics
NBA
Marvel
Harry Potter
Anime
Kpop
Crossword
Disney
WWE
Song
Country
Puzzle
Pokémon
The Office
NFL
Soccer
hide this ad
More By:
benandted
Quiz
Plays
Rating
Category
Featured
Created
Irish Presidents Minefield
961
4.83
History
May 25, 2014
Salt Producing Countries
795
4.63
Geography
Jul 18, 2013
Irish Rugby Head Coaches
642
4.00
Sports
Nov 23, 2014
Largest Religions in the UK
362
3.71
Religion
Jul 17, 2015
Largest Religions in the Republic of Ireland
144
2.75
Religion
Jul 18, 2014
Go to Creator's Profile
Score Distribution
Quiz Creator Spotlight
benandted
Follow
Send a Message
Quizzes Created
-
Created Quiz Play Count
-
More By This Creator
Popular Quizzes Today
1
Colored Red Africa Blitz
2
Find the US States - No Outlines Minefield
3
Find the 'City' Movie
4
5x2 Blitz: Bands
5
The Countries of the World
6
Find the US States
7
Find the Countries of Europe - No Outlines Minefield
8
US States
More History Quizzes
On This Day: March 17th
Editor's Pick
Trending Quizzes
Colored Red Europe Blitz I
Colored Red Africa Blitz II
Colored Red Europe Blitz II
Colored Red Africa Blitz III
Colored Red Europe Blitz III
Recently Updated
How Do You Spell That?
pecheneg
Godzilla Movies
pecheneg
Grab Bag: 4-10 Letters
pecheneg
2024 March Madness Bracket
pecheneg
Famous TV Couples
Peacemaker
Champions League XIs: Real Madrid
pecheneg
Largest US Cities 1790-2010
pecheneg
Rides in Walt Disney World
pecheneg
Most Oscar Losses (Acting)
pecheneg
Beyoncé Albums
pecheneg
Trending Topics
Kpop
Crossword
Harry Potter
Anime
NBA
Marvel
Disney
WWE
Country
Pokémon
The Office
NFL
Puzzle
Song
Soccer
Your Account Isn't Verified!
In order to create a playlist on Sporcle, you need to verify the email address you used during registration. Go to your
Sporcle Settings
to finish the process.
Report this User
Report this user for behavior that violates our
Community Guidelines
.
Details:
Send Report
Go to the Sporcle.com Mobile Site →
Comments